Sports Quiz

Random Sports Quiz

Best Minnesota Vikings ever Quiz Stats

 Plays Quiz not verified by Sporcle

Challenge
Share
Tweet
Embed
Score 0/10 Timer 03:00
0 Plays Today
Hint Answer % Correct
Played in three Super Bowls Fran Tarkenton
100%
Won rookie of the year in 1998Randy Moss
100%
Was not drafted and received over 130 sacksJohn Randle
85.7%
Beat his son but had some good yearsAdrian Peterson
85.7%
he received over 135 sacks in Minnesota Chicago, and Carolina Jared Allen
78.6%
Missed the game wining field goal in 1998 but was an excellent kickerGary Anderson
78.6%
The greatest safety in football historyPaul Krause
78.6%
A member of the purple people eatersAllen Page
64.3%
Was traded to the Vikings for $100Cris Carter
57.1%
One of the greatest lineman to ever liveRandel McDaniel
28.6%

You're not logged in!

Compare scores with friends on all Sporcle quizzes.
OR
Log In

You Might Also Like...

Show Comments

Extras

Created Apr 9, 2018ReportNominate
Tags:ever, minnesota, viking

Top Quizzes Today


Score Distribution

Your Account Isn't Verified!

In order to create a playlist on Sporcle, you need to verify the email address you used during registration. Go to your Sporcle Settings to finish the process.

Report this User

Report this user for behavior that violates our Community Guidelines.

Details: